[Event "Challenge"]
[Site "http://www.queenalice.com/game.php?id=1598575"]
[Date "2020.2.6"]
[Round "-"]
[White "Paulojunior76"]
[Black "HakunaMatata"]
[Result "0-1"]
[WhiteElo "1202"]
[BlackElo "2212"]

1. d4 d6 2. Bf4 g6 3. e3 Bg7 4. Be2 Nc6 5. c4 Nf6 6. Nd2 O-O 7. h3 e5 8. dxe5
dxe5 9. Bh2 e4 10. f3 exf3 11. Ngxf3 Re8 12. Bf4 Nh5 13. Bg5 f6 14. Bh4 Rxe3 15.
O-O Nf4 16. Bf2 Nxe2+ 17. Kh1 Re8 18. Re1 Nf4 19. Qb3 Rxe1+ 20. Rxe1 Nd3 21. Rf1
Nxf2+ 22. Rxf2 Na5 23. Qb5 c6 24. Qc5 b6 25. Qa3 Be6 26. Re2 Bxc4 27. Nxc4 Nxc4
28. Qb3 b5 29. Nd2 Qd5 30. Nxc4 Qxc4 31. Qxc4+ bxc4 32. Rc2 Rb8 33. Rxc4 Rxb2
34. a4 Ra2 35. Rxc6 Rxa4 36. Rc8+ Bf8 37. Kh2 Kg7 38. Rc7+ Kh6 39. Rf7 Bg7 40.
Rb7 a5 41. Ra7 Ra1 0-1

[Event "AUTO-ELITE-2215"]
[Site "http://www.queenalice.com/game.php?id=1603887"]
[Date "2020.3.23"]
[Round "1"]
[White "ichtus"]
[Black "HakunaMatata"]
[Result "1-0"]
[WhiteElo "2814"]
[BlackElo "2232"]

1. Nf3 g6 2. g3 Bg7 3. Bg2 Nc6 4. d4 d6 5. c4 Nf6 6. d5 Na5 7. Qa4+ c6 8. Bd2
Nxc4 9. Qxc4 Nxd5 10. Qc1 O-O 11. Nc3 Nf6 12. Bh6 Bd7 13. O-O Rc8 14. e4 e5 15.
Bxg7 Kxg7 16. Rd1 Qe7 17. Qd2 Ne8 18. Qe3 b6 19. Rd2 f5 20. exf5 Bxf5 21. h3 Rd8
22. Nd4 Bd7 23. Nxc6 Bxc6 24. Bxc6 Qc7 25. Bg2 Nf6 26. Rad1 Rf7 27. Nb5 Qb8 28.
Nxd6 1-0

[Event "AUTO-ELITE-2215"]
[Site "http://www.queenalice.com/game.php?id=1603888"]
[Date "2020.3.23"]
[Round "1"]
[White "HakunaMatata"]
[Black "ichtus"]
[Result "0-1"]
[WhiteElo "2233"]
[BlackElo "2813"]

1. e4 c5 2. d4 cxd4 3. c3 dxc3 4. Nxc3 d6 5. Bc4 Nc6 6. Nf3 e6 7. O-O Be7 8. Qe2
Bd7 9. Rd1 a6 10. a4 Nf6 11. Bf4 e5 12. Be3 O-O 13. Rd2 Rc8 14. Rad1 Qe8 15. Bb6
Be6 16. Bxe6 fxe6 17. Ng5 Nd7 18. Be3 Nd4 19. Bxd4 exd4 20. Rxd4 Bxg5 21. Rxd6
Ne5 22. R1d4 Qg6 23. h3 Be7 24. Rb6 Nf3+ 0-1

[Event "AUTO-ELITE-2215"]
[Site "http://www.queenalice.com/game.php?id=1603891"]
[Date "2020.3.23"]
[Round "1"]
[White "Mistakesrme"]
[Black "HakunaMatata"]
[Result "1-0"]
[WhiteElo "2263"]
[BlackElo "2214"]

1. c4 e5 2. g3 g6 3. Bg2 Bg7 4. Nc3 Nc6 5. Nf3 d6 6. O-O f5 7. d3 Nf6 8. Rb1 a5
9. a3 O-O 10. b4 axb4 11. axb4 h6 12. Qb3 Be6 13. Nd5 g5 14. e3 Bxd5 15. cxd5
Ne7 16. Ne1 Ng6 17. Bb2 g4 18. f3 h5 19. f4 exf4 20. exf4 h4 21. Nc2 hxg3 22.
hxg3 Nh5 23. Bxg7 Kxg7 24. Kf2 Nxg3 25. Qc3+ Kf7 26. Rfe1 Nh5 27. Ne3 Qh4+ 28.
Kg1 g3 29. Nxf5 Qh2+ 30. Kf1 Ngxf4 31. Re7+ Kg6 32. Rg7+ Nxg7 33. Qxg7+ Kxf5 34.
Be4# 1-0

[Event "AUTO-ELITE-2215"]
[Site "http://www.queenalice.com/game.php?id=1603892"]
[Date "2020.3.23"]
[Round "1"]
[White "HakunaMatata"]
[Black "Mistakesrme"]
[Result "0-1"]
[WhiteElo "2203"]
[BlackElo "2276"]

1. e4 e6 2. d4 d5 3. Nd2 Nf6 4. e5 Nfd7 5. Bd3 c5 6. c3 Nc6 7. Ngf3 f6 8. O-O
fxe5 9. dxe5 Ndxe5 10. Nxe5 Nxe5 11. Qh5+ Nf7 12. Nf3 g6 13. Bxg6 hxg6 14. Qxg6
Qc7 15. Re1 Bd6 16. g3 Kf8 17. Qf6 Qe7 18. Bg5 Qxf6 19. Bxf6 Rh6 20. Be5 Bxe5
21. Nxe5 Nxe5 22. Rxe5 Bd7 23. Rae1 Kf7 24. f4 Bc6 25. f5 exf5 26. Re7+ Kf8 27.
R1e5 Rf6 28. Rh7 Re8 29. Rh8+ Kf7 30. Rh7+ Kg8 31. Rxe8+ Kxh7 32. Re7+ Kg6 33.
Kf2 Rf7 34. Re6+ Kg5 35. h4+ Kg4 36. Rg6+ Kh3 37. h5 Rh7 38. h6 d4 39. cxd4 cxd4
40. Rd6 Be4 41. Rxd4 Rxh6 42. Ra4 a6 43. b4 Rd6 0-1

[Event "AUTO-MASTER-2934"]
[Site "http://www.queenalice.com/game.php?id=1603905"]
[Date "2020.3.23"]
[Round "1"]
[White "HakunaMatata"]
[Black "Mistakesrme"]
[Result "0-1"]
[WhiteElo "2223"]
[BlackElo "2270"]

1. e4 e6 2. d4 d5 3. Nd2 Nf6 4. e5 Nfd7 5. Bd3 c5 6. c3 Nc6 7. Ngf3 g6 8. O-O
Bg7 9. Re1 O-O 10. Nf1 cxd4 11. cxd4 Qb6 12. Bc2 f6 13. Ba4 fxe5 14. Bxc6 bxc6
15. dxe5 Nxe5 16. Nd4 Ba6 17. Rb1 Nd3 18. Be3 Bxd4 19. Bxd4 Qxd4 20. Re3 Rxf2
0-1

[Event "AUTO-MASTER-2934"]
[Site "http://www.queenalice.com/game.php?id=1603906"]
[Date "2020.3.23"]
[Round "1"]
[White "Mistakesrme"]
[Black "HakunaMatata"]
[Result "1-0"]
[WhiteElo "2282"]
[BlackElo "2193"]

1. c4 e5 2. g3 g6 3. Bg2 Bg7 4. Nf3 Nc6 5. O-O d6 6. Nc3 f5 7. Rb1 a5 8. a3 Nf6
9. d3 O-O 10. b4 axb4 11. axb4 h6 12. Bd2 g5 13. e4 Ne7 14. exf5 Bxf5 15. Qe2
Ng6 16. Ra1 Rb8 17. Ra7 g4 18. Ne1 c6 19. Ne4 Nxe4 20. Bxe4 Bxe4 21. Qxe4 Qf6
22. Qxg4 Rf7 23. Bc3 Rbf8 24. f4 Qd8 25. c5 Ne7 26. Rxb7 exf4 27. Rxf4 Kh7 28.
Rd7 Qe8 29. Rxf7 Rxf7 30. Bxg7 Rxg7 31. Qe4+ Kh8 32. Rxd6 Qh5 33. Rd8+ Ng8 34.
Qxc6 Rg6 35. Qf3 Qg5 36. Re8 Rf6 37. Qe3 Qf5 38. Qe2 h5 39. Re5 1-0

[Event "AUTO-MASTER-2934"]
[Site "http://www.queenalice.com/game.php?id=1603907"]
[Date "2020.3.23"]
[Round "1"]
[White "HakunaMatata"]
[Black "punk"]
[Result "0-1"]
[WhiteElo "2239"]
[BlackElo "2045"]

1. e4 c5 2. d4 cxd4 3. c3 dxc3 4. Nxc3 e6 5. Bc4 Nc6 6. Nf3 d6 7. O-O Nf6 8. Qe2
Be7 9. Rd1 Qa5 10. Nb5 O-O 11. Nxd6 Bxd6 12. Rxd6 Ne5 13. Bf4 Nxc4 14. Qxc4 b5
15. Qd3 Bb7 16. e5 Ne4 17. Rd4 Nc5 18. Qe3 Na4 19. b3 Qc3 20. Re1 Qxe3 21. Rxe3
Nb6 22. Bg3 Nd5 23. Red3 Rac8 24. h3 Rc2 25. Rd2 Rfc8 26. Ng5 h6 27. Ne4 Rxd2
28. Rxd2 Ne3 29. fxe3 Bxe4 30. Bh2 Rc2 31. Rxc2 Bxc2 32. b4 Kf8 33. Kf2 Be4 34.
g3 Ke7 35. Ke2 Kd7 36. Kd2 Kc6 37. Kc3 Kd5 38. g4 g5 39. Bg3 Bg2 40. h4 Bf3 41.
Kd3 Be4+ 42. Kc3 Bb1 43. a3 Ke4 44. hxg5 hxg5 45. Kb2 Bd3 46. Kc3 Be2 47. Kd2
Bxg4 0-1

[Event "AUTO-MASTER-2934"]
[Site "http://www.queenalice.com/game.php?id=1603908"]
[Date "2020.3.23"]
[Round "1"]
[White "punk"]
[Black "HakunaMatata"]
[Result "0-1"]
[WhiteElo "2054"]
[BlackElo "2232"]

1. d4 d6 2. e4 Nf6 3. Bd3 g6 4. Nf3 Bg7 5. Bg5 O-O 6. O-O Nc6 7. c3 h6 8. Bf4
Nh5 9. Bg3 Nxg3 10. fxg3 e5 11. dxe5 Nxe5 12. Nxe5 dxe5 13. Na3 b6 14. Qf3 Bb7
15. Bc4 Qe7 16. Rad1 a5 17. Rd2 Ba6 18. Rfd1 Bxc4 19. Nxc4 Rad8 20. h3 h5 21.
Rd5 Rxd5 22. Rxd5 c6 23. Rd1 Qc5+ 24. Ne3 Bh6 25. Kf2 f5 26. Ke2 Qb5+ 27. c4
Qxb2+ 28. Rd2 Qc3 29. Rd3 Qb2+ 30. Rd2 Qb4 31. Rd3 Bxe3 32. Kxe3 fxe4 0-1

[Event "AUTO-MASTER-2934"]
[Site "http://www.queenalice.com/game.php?id=1603909"]
[Date "2020.3.23"]
[Round "1"]
[White "HakunaMatata"]
[Black "clovis"]
[Result "0-1"]
[WhiteElo "2240"]
[BlackElo "2067"]

1. e4 e5 2. d4 exd4 3. Nf3 Nc6 4. c3 dxc3 5. Nxc3 Bb4 6. Bc4 d6 7. O-O Bxc3 8.
bxc3 Bg4 9. Bxf7+ Kxf7 10. Ng5+ Qxg5 11. Qb3+ Be6 12. Qxb7 Qg6 13. Qxa8 Nge7 14.
Qb7 Bh3 15. g3 Qxe4 16. f3 Qe2 17. Qb2 Qxf1# 0-1

[Event "AUTO-MASTER-2934"]
[Site "http://www.queenalice.com/game.php?id=1603910"]
[Date "2020.3.23"]
[Round "1"]
[White "clovis"]
[Black "HakunaMatata"]
[Result "0-1"]
[WhiteElo "2090"]
[BlackElo "2223"]

1. e4 e6 2. d4 d5 3. exd5 exd5 4. Nf3 Nc6 5. Bb5 Bd7 6. O-O Bd6 7. Re1+ Nge7 8.
c4 dxc4 9. Bxc4 O-O 10. Ng5 h6 11. Nxf7 Rxf7 12. Qh5 Qf8 13. Bxh6 gxh6 14. Re3
Nxd4 15. Rxe7 Bxe7 16. Qg6+ Qg7 17. Bxf7+ Kf8 0-1

[Event "AUTO-OPEN-4150"]
[Site "http://www.queenalice.com/game.php?id=1604001"]
[Date "2020.3.24"]
[Round "1"]
[White "a_pawn"]
[Black "HakunaMatata"]
[Result "0-1"]
[WhiteElo "1706"]
[BlackElo "2213"]

1. d4 d6 2. c4 g6 3. g3 Bg7 4. Nf3 Nc6 5. Bg2 Nf6 6. Bd2 O-O 7. d5 Nb8 8. Nc3
Nbd7 9. e4 e5 10. dxe6 fxe6 11. Bg5 h6 12. Be3 g5 13. O-O Qe7 14. Nxg5 hxg5 15.
Bxg5 Qf7 16. Bxf6 Qxf6 17. f4 Qd4+ 18. Qxd4 Bxd4+ 19. Kh1 Bxc3 20. bxc3 Nb6 0-1

[Event "AUTO-OPEN-4150"]
[Site "http://www.queenalice.com/game.php?id=1604002"]
[Date "2020.3.24"]
[Round "1"]
[White "HakunaMatata"]
[Black "a_pawn"]
[Result "1-0"]
[WhiteElo "2213"]
[BlackElo "1708"]

1. e4 e5 2. d4 exd4 3. Nf3 Bb4+ 4. c3 dxc3 5. Nxc3 Qe7 6. Qc2 b6 7. Bc4 Bb7 8.
O-O Nc6 9. Nd5 Qd8 10. Bf4 d6 11. Nxb4 Nxb4 12. Bxf7+ Kxf7 13. Qc4+ d5 14. Qxb4
c5 15. Qb3 h6 16. Rad1 Nf6 17. Rfe1 Kg6 18. Ne5+ 1-0

[Event "AUTO-OPEN-4150"]
[Site "http://www.queenalice.com/game.php?id=1604025"]
[Date "2020.3.24"]
[Round "1"]
[White "HakunaMatata"]
[Black "jandamian"]
[Result "0-1"]
[WhiteElo "2213"]
[BlackElo "2779"]

1. e4 c5 2. d4 cxd4 3. c3 dxc3 4. Nxc3 Nc6 5. Nf3 d6 6. Bc4 e6 7. O-O a6 8. a4
Be7 9. Qe2 Nf6 10. Rd1 Qc7 11. Bf4 O-O 12. Rd3 Ne5 13. Bxe5 dxe5 14. Ba2 Bd7 15.
Rad1 Bc6 16. Ng5 h6 17. Nh3 Qa5 18. b3 Bb4 19. Nb1 Bxe4 20. Re3 Rfd8 21. Kf1
Rac8 22. f3 Rxd1+ 23. Qxd1 Bc2 24. Qe2 Bxb1 25. Bxb1 Rc1+ 0-1

[Event "AUTO-OPEN-4150"]
[Site "http://www.queenalice.com/game.php?id=1604026"]
[Date "2020.3.24"]
[Round "1"]
[White "jandamian"]
[Black "HakunaMatata"]
[Result "1-0"]
[WhiteElo "2778"]
[BlackElo "2214"]

1. e4 e6 2. d4 d5 3. Nc3 Nf6 4. e5 Nfd7 5. f4 c5 6. Nf3 Nc6 7. Be3 Qb6 8. Na4
Qa5+ 9. c3 cxd4 10. b4 Nxb4 11. cxb4 Bxb4+ 12. Bd2 Bxd2+ 13. Nxd2 O-O 14. Bd3 b5
15. Nb2 Nb6 16. O-O Nc4 17. Bxh7+ Kxh7 18. Qh5+ Kg8 19. Nf3 f6 20. Nh4 Qc7 21.
Nd3 Nd2 22. Ng6 Rd8 23. exf6 Nxf1 24. Nde5 1-0

[Event "AUTO-OPEN-4150"]
[Site "http://www.queenalice.com/game.php?id=1604027"]
[Date "2020.3.24"]
[Round "1"]
[White "HakunaMatata"]
[Black "dan2015"]
[Result "1-0"]
[WhiteElo "2231"]
[BlackElo "1381"]

1. e4 e5 2. d4 exd4 3. Nf3 Nc6 4. c3 dxc3 5. Nxc3 Nf6 6. Bc4 h6 7. e5 Ng8 8. O-O
Qe7 9. Nb5 Qd8 10. Qd5 Qe7 11. Nxc7+ Kd8 12. Nxa8 Nb4 13. Qxf7 Qxf7 14. Bxf7 Nd3
15. Bxg8 Rxg8 16. Rd1 Nxc1 17. Raxc1 g5 18. Nc7 g4 19. Nd4 Rg5 20. Nde6+ 1-0

[Event "AUTO-OPEN-4150"]
[Site "http://www.queenalice.com/game.php?id=1604028"]
[Date "2020.3.24"]
[Round "1"]
[White "dan2015"]
[Black "HakunaMatata"]
[Result "0-1"]
[WhiteElo "1349"]
[BlackElo "2231"]

1. d4 d6 2. e4 Nf6 3. Nc3 g6 4. d5 Bg7 5. Nf3 O-O 6. Bd3 c6 7. h3 cxd5 8. Nxd5
Nxd5 9. exd5 Qa5+ 10. c3 Qxd5 11. O-O Nc6 12. c4 Qa5 13. Bd2 Qc7 14. Rb1 Ne5 15.
Nxe5 Bxe5 16. b3 f5 17. Bh6 Bg7 18. Bxg7 Kxg7 19. Re1 e5 20. Re2 Be6 21. f4 e4
22. Bc2 Rad8 23. Qd4+ Kg8 24. Kf2 Qc5 25. Qxc5 dxc5 26. Rd1 Rxd1 27. Bxd1 Rd8
28. Ke1 Kf7 29. Rd2 Rxd2 30. Kxd2 Kf6 31. Ke3 g5 32. g3 h6 33. fxg5+ hxg5 34. g4
a6 35. gxf5 Bxf5 36. a3 a5 37. Bg4 Ke5 38. Bxf5 Kxf5 39. b4 axb4 0-1

[Event "AUTO-OPEN-3706"]
[Site "http://www.queenalice.com/game.php?id=1611756"]
[Date "2020.5.11"]
[Round "2"]
[White "headhunter"]
[Black "HakunaMatata"]
[Result "1-0"]
[WhiteElo "2685"]
[BlackElo "2184"]

1. e4 e6 2. d4 d5 3. Nc3 Nf6 4. e5 Nfd7 5. f4 c5 6. Nf3 Nc6 7. Be3 Qb6 8. Na4
Qa5+ 9. c3 cxd4 10. b4 Nxb4 11. cxb4 Bxb4+ 12. Bd2 Bxd2+ 13. Nxd2 O-O 14. Bd3 b5
15. Nb2 Nb6 16. O-O Nc4 17. Bxh7+ Kxh7 18. Qh5+ Kg8 19. Nf3 f6 20. exf6 Qc7 21.
fxg7 Qxg7 22. Nd3 Ne3 23. Rf2 Bd7 24. Qg5 Qxg5 25. fxg5 Ng4 26. Re2 Ne3 27. Nxd4
Nc4 28. Nc5 Be8 29. Ncxe6 Rf7 30. g6 Rb7 31. Nf4 Kg7 32. Re6 Rd8 33. Rae1 Rbb8
34. h4 Nb6 35. Re7+ Kg8 36. Nf5 Nd7 37. Nh6+ Kh8 38. Rh7# 1-0

[Event "AUTO-OPEN-3706"]
[Site "http://www.queenalice.com/game.php?id=1611757"]
[Date "2020.5.11"]
[Round "2"]
[White "HakunaMatata"]
[Black "headhunter"]
[Result "0-1"]
[WhiteElo "2183"]
[BlackElo "2686"]

1. e4 c5 2. d4 cxd4 3. c3 Nf6 4. e5 Nd5 5. cxd4 d6 6. Bc4 Nb6 7. Bb3 Nc6 8. f4
dxe5 9. dxe5 Qxd1+ 10. Bxd1 Bf5 11. Nc3 e6 12. Nge2 Be7 13. O-O O-O 14. Bb3 Bc5+
15. Kh1 Bd3 16. Rf3 Rfd8 17. Be3 Bxe2 18. Nxe2 Bxe3 19. Rxe3 Rd2 20. Rb1 Rad8
21. Nc3 Rf2 22. Ne2 Rd2 23. Re1 Nd4 24. Nxd4 Rxd4 25. R3e2 Rxe2 26. Rxe2 Rxf4
27. g3 Rd4 28. Kg2 Kf8 29. Kf3 h6 30. Ke3 Rb4 31. Rc2 Nd7 32. Rc8+ Ke7 33. Rc7
Kd8 34. Rc1 Nxe5 35. Rd1+ Ke7 36. h3 a5 37. Rd4 Rxd4 38. Kxd4 Kd6 39. g4 b5 40.
a4 b4 41. Bd1 g6 42. b3 f5 43. gxf5 exf5 44. Be2 g5 45. Bd1 g4 46. hxg4 fxg4 47.
Ke3 h5 48. Kf4 Kd5 49. Ke3 h4 50. Be2 h3 51. Kf2 Kd4 52. Kg3 Kc3 0-1